Hợp tuyển văn học Châu Âu
Giới thiệu đến người đọc các tác phẩm văn học tiêu biểu của nền văn học Pháp thế kỷ XVII
Wedi'i Gadw mewn:
| Fformat: | Llyfr |
|---|---|
| Iaith: | Undetermined |
| Cyhoeddwyd: |
Hà Nội
Đại học Quốc gia Hà Nội
2002
|
| Pynciau: | |
| Tagiau: |
Ychwanegu Tag
Dim Tagiau, Byddwch y cyntaf i dagio'r cofnod hwn!
|
| Thư viện lưu trữ: | Trung tâm Học liệu Trường Đại học Cần Thơ |
|---|
| LEADER | 00810nam a2200229Ia 4500 | ||
|---|---|---|---|
| 001 | CTU_114606 | ||
| 008 | 210402s9999 xx 000 0 und d | ||
| 020 | |c 53000 | ||
| 082 | |a 808.89 | ||
| 082 | |b H466/T.2 | ||
| 245 | 0 | |a Hợp tuyển văn học Châu Âu | |
| 245 | 0 | |c Lê Nguyên Cẩn tuyển chọn và giới thiệu | |
| 260 | |a Hà Nội | ||
| 260 | |b Đại học Quốc gia Hà Nội | ||
| 260 | |c 2002 | ||
| 520 | |a Giới thiệu đến người đọc các tác phẩm văn học tiêu biểu của nền văn học Pháp thế kỷ XVII | ||
| 526 | |a Văn học Châu Âu | ||
| 526 | |b SP527 | ||
| 650 | |a European literature | ||
| 650 | |x Collections | ||
| 904 | |i M.Loan | ||
| 980 | |a Trung tâm Học liệu Trường Đại học Cần Thơ | ||